书目信息 |
| 题名: |
Java基础与案例开发详解
|
|
| 作者: | 徐明华 , 纪希禹 , 邱加永 编著 | |
| 分册: | ||
| 出版信息: | 北京 清华大学出版社 2014 |
|
| 页数: | 12,627页 | |
| 开本: | 26cm | |
| 丛书名: | ||
| 单 册: | ||
| 中图分类: | TP312JA , TP312 | |
| 科图分类: | ||
| 主题词: | JAVA语言--程序设计 , 程序设计 , JAVA语言 | |
| 电子资源: | ||
| ISBN: | 978-7-302-34001-0 | |
| 000 | 01087nam0 2200301 450 | |
| 001 | 140361 | |
| 005 | 20141019102720.49 | |
| 010 | @a978-7-302-34001-0@b光盘@dRMB 78.00 | |
| 100 | @a20140210d2014 em y0chiy50 ea | |
| 101 | 0 | @achi |
| 102 | @aCN@b110000 | |
| 105 | @aa z 000yy | |
| 200 | 1 | @aJava基础与案例开发详解@AJava ji chu yu an li kai fa xiang jie@b专著@f徐明华,邱加永,纪希禹编著 |
| 210 | @a北京@c清华大学出版社@d2014 | |
| 215 | @a12,627页@c图@d26cm@e1光盘 | |
| 300 | @a软件开发新课堂/徐明华主编 | |
| 307 | @a附光盘:ISBN 978-7-89414-765-3 | |
| 330 | @a本书以目前Java的较新版本Java SE 6.0为依托,结合Java语言特性和实战案例,融入了企业开发过程中编程人员遇到的种种Java核心技术问题和编程思想,介绍了Java语言的基础知识、高级编程技术及应用方向。 | |
| 606 | 0 | @aJAVA语言@x程序设计 |
| 606 | 0 | @a程序设计 |
| 606 | 0 | @aJAVA语言 |
| 690 | @aTP312JA@v5 | |
| 690 | @aTP312@v4 | |
| 701 | 0 | @a徐明华@Axu ming hua@c(计算机)@4编著 |
| 701 | 0 | @a纪希禹@Aji xi yu@f(1963 )@4编著 |
| 701 | 0 | @a邱加永@Aqiu jia yong@4编著 |
| 801 | 0 | @c20140927 |
| 905 | @a241430@dTP312@eX760 | |
| Java基础与案例开发详解/徐明华,邱加永,纪希禹编著.-北京:清华大学出版社,2014 |
| 12,627页:图;26cm+1光盘 |
| 软件开发新课堂/徐明华主编 |
| ISBN 978-7-302-34001-0(光盘):RMB 78.00 |
| 本书以目前Java的较新版本Java SE 6.0为依托,结合Java语言特性和实战案例,融入了企业开发过程中编程人员遇到的种种Java核心技术问题和编程思想,介绍了Java语言的基础知识、高级编程技术及应用方向。 |
| ● |
| 相关链接 |
|
|
|
正题名:Java基础与案例开发详解
索取号:TP312/X760
 
预约/预借
| 序号 | 登录号 | 条形码 | 馆藏地/架位号 | 状态 | 备注 |
| 1 | 0834465 | 208344656 | 自科库301/301自科库 53排4列3层/ [索取号:TP312/X760] | 在馆 | |
| 2 | 0834466 | 208344665 | 自科库301/301自科库 53排4列3层/ [索取号:TP312/X760] | 在馆 | |
| 3 | 0834467 | 208344674 | 自科库301/301自科库 46排7列2层/ [索取号:TP312/X760] | 在馆 |